00937nam a2200265Ia 4500001000600000003000900006008004100015040001300056040001300069041001300082100001100095100002900106245004300135245004300178250001100221260001100232260000800243260004900251300005500300500021100355650002700566650003100593700001800624700002900642G7870IT-RoPAU130308s9999 xx 000 0 und d aIT-RoPAU cIT-RoPAU aITALIANO aAA.VV. gCodice Aut. SPICS: 12000 aQuaderni della Siem-17-Musica e storia bQuaderni della Siem-17-Musica e Storia a1a ed. aTORINO bEDT c2001 [1° Ed.:2001 - Ed.Ling.Originale:2001] a"122 p. (prefazione: 8; testo: 114 [pagine: 0-0])" aSemestrale di Ricerca e Didattica Musicale. numero su Musica e Storia: l'apprendimento Storico Musicale nel Processo Formativo, con contributi vari Acura di Claudia Galli che ne scrive Anche L'Introduzione. aEDUCAZIONE ALLA MUSICA eCodice materia Spics: 7012 aGalli Claudia gCodice Aut. SPICS: 24883